[Event "RUS-ch Superfinal 61st"]
[Site "Moscow"]
[Date "2008.10.03"]
[Round "1"]
[White "Sakaev, Konstantin"]
[Black "Morozevich, Alexander"]
[Result "0-1"]
[WhiteElo "2640"]
[BlackElo "2787"]
[Annotator "Ftacnik,L"]
[PlyCount "84"]
[EventDate "2008.10.03"]
[EventType "tourn"]
[EventRounds "11"]
[EventCountry "RUS"]
[EventCategory "17"]
[SourceTitle "EXT 2010"]
[Source "ChessBase"]
[SourceDate "2010.11.25"]
[SourceVersion "1"]
[SourceVersionDate "2010.11.25"]
[SourceQuality "1"]

1. d4 Nf6 2. c4 g6 3. Nc3 d5 4. cxd5 Nxd5 5. e4 Nxc3 6. bxc3 Bg7 7. Be3 c5 8.
Qd2 Qa5 9. Nf3 O-O 10. Rc1 Nd7 11. d5 Nf6 12. Bd3 {Sakaev was not interested
to find out, which move his opponent considers to be the best after the
theoretical 12.c4.} (12. c4 Qc7 (12... Qxd2+ 13. Nxd2 b6 14. f3 e6 15. Be2 Ba6
16. e5 Ne8 17. dxe6 f6 18. Ne4 fxe5 19. Rd1 Nf6 20. Nd6 Ne8 21. e7 Nxd6 22.
exf8=Q+ Bxf8 23. Bh6 {1-0 Yermolinsky,A (2610)-Mikhalevski,V (2500)/Groningen
1996 (53)}) (12... Qa3 13. Bd3 e6 14. h3 exd5 15. cxd5 b6 16. O-O Re8 17. Qc2
Ba6 18. Bxa6 Qxa6 19. Nd2 Rac8 20. Rfe1 c4 21. Bd4 b5 22. Nf3 Qb7 23. Qb2 Nh5
24. Bxg7 Nxg7 25. Ne5 f5 26. Nxc4 $18 {1/2 Potapov,A (2500)-Chadaev,N (2383)/
Kaluga 2003 (61)}) 13. Bd3 e5 14. Bh6 Bxh6 15. Qxh6 Ng4 16. Qd2 f5 17. O-O Nf6
18. Qc2 f4 19. Qb2 Re8 20. Rb1 Rb8 21. Bc2 Bd7 22. Rfe1 {1/2 Kachiani
Gersinska,K (2374)-Baramidze,D (2551)/Bad Koenigshofen 2007 (26)}) 12... c4 13.
Bb1 (13. Bxc4 $2 Nxe4 $17) 13... Ng4 14. Bd4 (14. O-O Nxe3 15. Qxe3 Bg4 16. Nd4
Rad8 $11) 14... e5 15. dxe6 f6 $5 {Morozevich has an exceptionally original
perspective on chess problems. The saving of the dark squared bishop at the
cost of a tempo creates an unpleasant threat Bh6.} (15... Bxe6 16. Bxg7 Kxg7
17. O-O Rad8 18. Nd4 Ne5 $11) 16. e7 Re8 17. Qe2 (17. O-O Bh6 18. Qe2 Bxc1 19.
Qxc4+ Kg7 20. Rxc1 Rxe7 $15) 17... Be6 18. Nd2 (18. O-O Rxe7 19. Nd2 Ne5 20. f4
Nc6 21. Nxc4 Qa4 22. Ne3 Nxd4 23. cxd4 Qxd4 $11) 18... b5 19. f4 Rxe7 {The
position is aproximatelly equal, black pieces work harmoniously enough.} 20.
O-O (20. h3 Nh6 21. O-O Nf7 $11) 20... Qc7 21. h3 (21. a4 a6 22. h3 Nh6 23. Bc2
Nf7 24. Qf2 $14) 21... Nh6 22. Qf2 f5 (22... Nf7 23. Bc2 Bd7 $11) 23. Bxg7 Kxg7
24. Rfe1 Rae8 $6 {From the perspective of the further developments an
innacuracy. More sense seems to be offered by the immediate occupying of the d
file.} (24... Rd8 25. e5 Bd5 $11) 25. e5 Bd5 26. Nf1 Rd8 27. Ne3 Qb6 (27... a6
28. Qh4 $1 Be6 29. Nc2 Nf7 30. Nd4 $16) 28. Rcd1 Red7 29. Nxd5 $2 {[%mdl 16384]
The art of proper exchange of pieces is a tough nut even for the very strong
grandmasters. Sakaev could not hold himself and he swapped far reaching bishop.
Instead, the best idea of transfering the knight to d4 square would offer him
some advantage.} (29. Nc2 $1 Ng8 30. Qxb6 axb6 31. a3 Ne7 32. Nd4 $14) 29...
Rxd5 30. Qxb6 axb6 31. Rxd5 (31. Bc2 Ng8 32. a4 bxa4 33. Bxa4 Ne7 34. Rb1 Rd3
35. Rxb6 Rxc3 $11) 31... Rxd5 32. Kf2 Ng8 33. g4 Ne7 (33... fxg4 $2 34. hxg4
Rd2+ 35. Re2 $16) 34. gxf5 gxf5 35. Rg1+ Kf7 36. Ke2 Rd8 {The position is a
bit tricky for white, since the theoretically strong bishop is actually a
modest statist due to the pawn structure restrictions.} (36... Ke6 37. Bc2 Rd8
38. Rg7 Rh8 39. h4 Nd5 40. Kf3 Nxc3 41. Rc7 h5 $15) 37. Bc2 (37. Rg5 h6 (37...
Ke6 38. Rh5 b4 39. cxb4 Rd4 40. Rh6+ Ng6 $11) 38. Rg1 Ke6 39. Rg7 b4 40. cxb4
Rd4 $15) 37... Ra8 38. Rb1 $2 (38. Bb1 Ra3 39. Kd2 b4 $1 40. cxb4 Ke6 $17)
38... Nd5 $1 {Sakaev somehow forgott, that the knight can do lot of demage
with clever jumps. Morozevich's pieces will dominate the position.} (38... Rxa2
39. Kd2 Nd5 40. Rxb5 Ke6 $17) 39. Kd2 (39. Kf3 Nxc3 40. Rg1 Ne4 41. Bxe4 Ra3+
42. Ke2 fxe4 43. f5 Rxa2+ 44. Ke3 c3 45. Kxe4 b4 46. Kd3 Rf2 $19) 39... b4 $1
40. Bxf5 (40. cxb4 Rxa2 41. b5 Ke6 42. Kc1 h6 $19) 40... Rxa2+ 41. Ke1 b3 {
The defender is helpless, since his two proud connected passed pawns represent
no danger.} 42. Rd1 (42. e6+ Kf6 43. Bxh7 Nxc3 44. Rc1 Re2+ 45. Kf1 Re3 $19)
42... Ne3 (42... Ne3 43. Rd7+ Ke8 44. Be6 b2 $19) 0-1

[Event "RUS-ch Superfinal 61st"]
[Site "Moscow"]
[Date "2008.10.13"]
[Round "9"]
[White "Timofeev, Artyom"]
[Black "Svidler, Peter"]
[Result "1-0"]
[WhiteElo "2670"]
[BlackElo "2727"]
[Annotator "Ftacnik,L"]
[PlyCount "37"]
[EventDate "2008.10.03"]
[EventType "tourn"]
[EventRounds "11"]
[EventCountry "RUS"]
[EventCategory "17"]
[SourceTitle "EXT 2010"]
[Source "ChessBase"]
[SourceDate "2010.11.25"]
[SourceVersion "1"]
[SourceVersionDate "2010.11.25"]
[SourceQuality "1"]

1. e4 c6 2. d4 d5 3. exd5 cxd5 4. c4 Nf6 5. Nc3 e6 6. Nf3 Bb4 7. Bd3 dxc4 8.
Bxc4 O-O 9. O-O b6 10. Bg5 Bb7 11. Re1 Nbd7 12. Rc1 Rc8 13. Qb3 Bxc3 {Black
players are not enjoying an easy life in this variation, since the white's
initiative is very dangerous. The examples are proving, that not even the
retreat to e7 is promissing equality.} (13... Be7 14. Bxf6 Nxf6 (14... Bxf6 15.
Nb5 Bxf3 16. Qxf3 Bg5 17. Rc2 a6 18. Nd6 Rc7 19. Nxf7 Qe7 20. Nxg5 Rxf3 21.
Rxe6 Rxc4 22. Rxe7 Rxc2 23. gxf3 {1-0 Aleksandrov,A (2630)-Perunovic,M (2559)/
Vrnjacka Banja 2005/ (56)}) 15. Bxe6 fxe6 16. Qxe6+ Kh8 17. Qxe7 Bxf3 18. gxf3
Qxd4 19. Nb5 Qxb2 20. Rxc8 Rxc8 21. Nd6 Rb8 22. Nf7+ Kg8 23. Qe6 Rf8 24. Nd8+
Kh8 25. Qe7 {1-0 Kramnik,V (2770)-Kasparov,G (2849)/London 2000/}) 14. Rxc3 Rc7
$6 {Svidler is preparing the transfer of the queen to a8, but this will prove
to have been an exceptionally unfortunate solution. It seems that only the
very exact attacking of the bishop g5 can offer chances for the successful
defense.} (14... h6 $1 15. Bh4 Qe8 16. Ne5 (16. Nd2 Nd5 17. Rcc1 f5 (17... N7f6
18. Bf1 Rxc1 19. Rxc1 Qb8 20. Bg3 Nf4 21. f3 Rd8 22. Qe3 N6d5 23. Qe1 Nf6 24.
Bf2 Rc8 25. a3 Rxc1 26. Qxc1 e5 27. Qe1 exd4 28. Bxd4 {1/2 Zvjaginsev,V (2631)
-Ramesh,R (2467)/Linares 2001 (77)}) 18. f3 a6 19. a4 Qg6 20. Bg3 Qf6 21. Qd3
f4 22. Bf2 Qe7 23. Qe2 Nc7 24. Ne4 {1/2 Timofeev,A (2663)-Grigoriants,S (2592)/
Moscow 2007 (69)}) 16... Nxe5 17. dxe5 Ne4 18. Bb5 Rxc3 19. bxc3 Qa8 20. f3 Nc5
21. Qb4 Ba6 22. Bxa6 Nxa6 23. Qb5 Qc8 {1/2 Pelletier,Y (2604)-Bologan,V (2673)/
Pamplona 2003 (47)}) (14... Qe8 $6 15. Nd2 h6 16. Bxh6 $1 gxh6 17. Rh3 Rxc4 18.
Nxc4 Kg7 19. Qg3+ Kh7 20. Qd3+ Kg7 21. Nd6 Qb8 22. Rxe6 fxe6 23. Rg3+ Ng4 24.
Rxg4+ Kf6 25. Qh7 {1-0 Onischuk,A (2641)-Vescovi,G (2611)/Poikovsky 2002}) 15.
Ne5 Kh8 $2 {[%mdl 128] The retreat of the king smacks of alibism and will only
make the defenders plight worse. The only chance for resistance was connected
with the queen move to e7 squre.} (15... Qa8 16. Bxe6 Rxc3 17. Bxf7+ Kh8 18.
bxc3 Bxg2 19. Bxf6 gxf6 (19... Nxf6 20. c4 Bf3 21. c5 Bd5 22. Bxd5 Qxd5 23.
Qxd5 Nxd5 24. c6 $18) 20. Nxd7 Bh3 21. Qd5 Qxd5 22. Bxd5 Bxd7 23. Re7 {1-0
Alsina Leal,D-Vilar Lopez,M (2130)/Lisbon 2001 (35)}) (15... Nxe5 16. dxe5 Qd4
17. exf6 Qg4 18. g3 Qxg5 19. Bxe6 $1 Qa5 (19... Rxc3 20. Bxf7+ Kh8 21. Qxc3 $16
) 20. Rd1 $16) (15... Qe7 $1 16. Bh4 $5 Rfc8 17. Nxf7 Rxc4 18. Nh6+ gxh6 19.
Rxc4 $14) 16. Rh3 $1 (16. Qa3 Qa8 17. Qe7 Nxe5 18. Qxc7 Nxc4 19. Bxf6 gxf6 20.
Rxc4 Rg8 (20... Bxg2 21. Qe7 $18) 21. g3 Bh1 22. f3 Qxf3 23. Rc2 $16) 16... Qa8
(16... Kg8 17. Qg3 Qe7 18. Bd3 $18) 17. Nxd7 Rxd7 (17... Nxd7 18. Bd3 g6 19. f3
Bd5 20. Qb4 Kg8 21. Bf4 $16) 18. Bxf6 gxf6 19. Rxh7+ $1 {The charming decision
that is very painful for black. Svidler stopped the clock as he is not able to
avoid mate.} (19. Rxh7+ $1 Kxh7 20. Qh3+ Kg7 21. Qg4+ Kh6 22. Re3 Bxg2 23. Qh4+
Kg6 24. Rg3+ Kf5 25. Qg4#) (19. Qd3 f5 20. Qe3 Rg8 21. Qe5+ Rg7 22. Rg3 $16)
1-0

[Event "RUS-ch Superfinal 61st"]
[Site "Moscow"]
[Date "2008.10.05"]
[Round "3"]
[White "Timofeev, Artyom"]
[Black "Inarkiev, Ernesto"]
[Result "1-0"]
[WhiteElo "2670"]
[BlackElo "2669"]
[Annotator "Ftacnik,L"]
[PlyCount "81"]
[EventDate "2008.10.03"]
[EventType "tourn"]
[EventRounds "11"]
[EventCountry "RUS"]
[EventCategory "17"]
[SourceTitle "EXT 2010"]
[Source "ChessBase"]
[SourceDate "2010.11.25"]
[SourceVersion "1"]
[SourceVersionDate "2010.11.25"]
[SourceQuality "1"]

1. e4 e5 2. Nf3 Nc6 3. Bb5 a6 4. Ba4 Nf6 5. O-O Be7 6. Re1 b5 7. Bb3 O-O 8. h3
Bb7 9. d3 d6 10. c3 Na5 11. Bc2 c5 12. Nbd2 Nd7 13. Nf1 Bf6 14. Ne3 g6 15. b4 {
With the help of a subtle move order white has manage to ovoid the unpleasant
Marshall counter attack connected with the sacrifice of the pawn after 8.c3 d5.
He paid the heavy price, since black could develop his pieces without
hindrance.} (15. Ng4 Bg7 16. Nh6+ Kh8 17. b4 Nc6 18. Bb3 Qe7 19. Bd2 Nb6 20. g4
Rad8 21. Be3 Na8 22. Qd2 Nc7 23. a4 Ne6 24. g5 f5 25. gxf6 Rxf6 {0-1 Bousmaha,
A (2205)-Lin Ta (2300)/Luzern 1985 (44)}) (15. d4 exd4 16. cxd4 cxd4 17. Nxd4
Rc8 18. Ng4 Bg7 19. Bh6 Ne5 20. Bxg7 Kxg7 21. Ne3 Qf6 22. Rb1 Nac4 23. Nxc4
Rxc4 {0-1 Jamison,C (1979)-Tuvshintugs,B (2278)/Tulsa 2008 (41)}) 15... Nc6 16.
Nd5 Bg7 17. Bg5 {The new move that is hoping to instill some tension into the
enemy defensive build up.} (17. Bb3 Kh8 18. a4 Ne7 19. Ne3 h6 20. axb5 axb5 21.
Bb2 f5 22. Bc2 Rc8 23. bxc5 Nxc5 24. Nf1 Ne6 25. d4 fxe4 26. Bxe4 d5 27. Bc2 e4
28. N3h2 Qc7 {0-1 Kalugin,S (2355)-Lastin,A (2558)/Novgorod 1999 (37)}) 17...
f6 18. Be3 Kh8 $6 {The alibistic retreat of the king is not solving any
problem and is losing a tempo.} (18... Ne7 19. Nxe7+ Qxe7 20. Bb3+ Kh8 21. Qd2
$14) 19. bxc5 dxc5 (19... Nxc5 20. d4 exd4 21. cxd4 Ne6 22. a4 $16) 20. d4 Rc8
$6 (20... cxd4 21. cxd4 Nxd4 22. Nxd4 exd4 23. Bxd4 Rc8 24. a4 Re8 $14) 21. a4
{The annotator assisted with the modern technique is hard pressed to explain,
why both players are ignoring the problem of the c5 pawn grab.} (21. dxc5 $5
Na5 22. Nb6 Nxb6 23. cxb6 Rxc3 24. Bd2 Rxc2 25. Qxc2 Qxb6 26. Be3 $16) 21...
cxd4 22. cxd4 Re8 (22... exd4 23. Nxd4 Nxd4 24. Bxd4 Re8 $14) 23. axb5 axb5 24.
Re2 Re6 $2 {[%mdl 256] Inarkiev is an excellent chessplayer with sufficient
feeling for position able to detect problems after the exchanges on the d4
square. Despite that his ambitious solution with the transfer of the rook to
d6 square is not sufficient.} (24... exd4 25. Nxd4 Nxd4 26. Bxd4 Nc5 27. Ra7 $1
Nxe4 28. Rxb7 Qxd5 29. Rxg7 Kxg7 30. Bxe4 Qc4 (30... Rxe4 31. Bxf6+ Kxf6 32.
Qxd5 Rxe2 33. Qf3+ $18) 31. Rc2 Qe6 32. Be3 $16) 25. Rd2 Rd6 (25... Qe8 26.
dxe5 Ndxe5 27. Nxe5 fxe5 28. Nb6 Rd8 29. Rxd8 Qxd8 30. Qd5 Rd6 31. Qxb5 $16)
26. Nc3 $1 {The kingdom for the horse! should be rephrased to: The kingdom for
tempo! Black's grand concept is failing, since the time and initiative belong
to Timofeev.} Nb6 (26... Nxd4 27. Nxd4 exd4 (27... Rxc3 28. Ne6 $1 Rxd2 (28...
Rxe6 29. Rxd7 $18) 29. Bxd2 $18) 28. Nxb5 Ra6 (28... Rd5 $5 29. Nxd4 Rd6 30.
Ne6 Rxd2 31. Qxd2 Qe7 32. Ra7 $16) 29. Rxa6 Bxa6 30. Nd6 $16) 27. Nxb5 Rd7 28.
Bb3 exd4 (28... Na8 29. dxe5 Rxd2 30. Qxd2 Qxd2 31. Nxd2 Nxe5 32. Nd6 $18) 29.
Nfxd4 Ne5 $2 {It is difficult to accuse black for the unwillingness to play
the sorry position after the exchanges on the d4 square. Keeping more pieces
on the board will open white the scope for winning with the help of
combination.} (29... Nxd4 30. Rxd4 Rxd4 (30... Bxe4 $2 31. Nd6 $18) 31. Qxd4
Qxd4 32. Bxd4 Nc4 33. f3 $16) 30. Ne6 $1 Rxd2 31. Nxd8 Rdxd8 (31... Rxd1+ 32.
Rxd1 Ba6 33. Na7 Rc3 (33... Rb8 34. Ndc6 $18) 34. Nf7+ Nxf7 35. Bxf7 $18) 32.
Nd6 $5 (32. Qe2 Nbc4 33. Bd4 $18) 32... Bf8 (32... Rc6 33. Nxb7 Rxd1+ 34. Rxd1
$18) 33. Nxc8 Rxd1+ 34. Rxd1 Nxc8 35. Rd8 {From the point of higher chess
justice it seems sympatethic, that white is scoring in the end with the help
of combinatory battle along the d file.} Kg7 36. f4 Nf7 (36... Nc6 37. Rd7+ $18
) 37. Rd7 Ncd6 38. Bxf7 {The game is over, witty black's defense was seriously
punished.} Bc6 (38... Nxf7 39. Rxb7 $18) 39. Rc7 Bxe4 40. Be6+ Kh6 41. Bc5 (41.
Bc5 g5 42. Rd7 $18) 1-0

[Event "RUS-ch Superfinal 61st"]
[Site "Moscow"]
[Date "2008.10.03"]
[Round "1"]
[White "Vitiugov, Nikita"]
[Black "Alekseev, Evgeny V"]
[Result "1/2-1/2"]
[WhiteElo "2638"]
[BlackElo "2715"]
[Annotator "Vitiugov,N"]
[PlyCount "168"]
[EventDate "2008.10.03"]
[EventType "tourn"]
[EventRounds "11"]
[EventCountry "RUS"]
[EventCategory "17"]
[SourceTitle "CBM 127"]
[Source "ChessBase"]
[SourceDate "2008.11.13"]
[SourceVersion "1"]
[SourceVersionDate "2008.11.13"]
[SourceQuality "1"]

{This game was played in the first round. In the previous two superfinals I
had started with losses with White. And now again the first round, and again
White.} 1. d4 Nf6 2. c4 e6 3. g3 {A new move for me.} c5 4. Nf3 (4. d5 {
leads to different structures.}) 4... cxd4 5. Nxd4 Qc7 {Next comes a gambit
variation.} ({There are quieter positions after} 5... d5) 6. Nc3 a6 7. Bg2 Qxc4
8. O-O Nc6 9. Nb3 d5 10. Bf4 Be7 (10... Qb4 {is also possible}) 11. a3 a5 12.
Rc1 Qa6 13. a4 O-O 14. Nb5 {It is still all theory.} Qb6 $1 {A strong new move}
(14... Ne8 {is too passive} 15. e4 $44) 15. Bc7 Qa6 16. Bf4 Qb6 17. Bc7 Qa6 18.
Nc5 {White continues the struggle, though accepting the draw was more
reasonable} Bxc5 19. Rxc5 Bd7 20. Bd6 Nb4 $1 21. Bxf8 Rxf8 $44 {Now Black has
good enough compensation for equality.} 22. Qd4 {Ambitious reaction.} ({
I think, that it was right was to play without innovating:} 22. Nd4 $5 e5 23.
Nf3) 22... Bc6 (22... b6 23. Rc7 Bxb5 24. axb5 Qxb5 25. Rfc1 Na6 26. Rc8 Nc5
27. Rxf8+ Kxf8 28. Bf1 {Looks normal for both sides.}) 23. e4 $2 {It is
difficult to comment on such moves. But it worked!} e5 $6 {Any taking of the
pawn was better.} (23... Nxe4 24. Bxe4 dxe4 25. Rd1 Nd3 26. Rg5 (26. Rxd3 exd3
27. Rg5 e5 28. Qxe5 g6 $1) 26... e5) (23... dxe4 24. Rg5 (24. Rd1 Nd3) 24... h6
25. Nc7 Qd3 26. Qxd3 Nxd3 27. Rxa5 Nxb2) 24. Qd2 (24. Qc3 $5 {will be not bad.}
d4 25. Qd2 Nd7 26. Rcc1 Bxb5 27. axb5 Qxb5 28. f4) 24... Qb6 25. Rxd5 {There
is no alternative.} Nbxd5 (25... Nfxd5 26. exd5 Bxb5 27. axb5 Qxb5 28. d6 $36)
26. exd5 Rd8 ({I was afraid of} 26... Bxb5 27. axb5 Qxb5 28. Re1 Re8 29. d6 {
, but here White has good compensation, because} e4 $2 {is impossible} 30. Bxe4
$1) 27. Nc3 Bd7 28. Re1 Re8 29. d6 Qd4 30. Qxd4 $2 $138 {A fantastic mistake.}
({I hadn't seen that, after} 30. Rd1 Bg4 31. Qxd4 exd4 32. Rxd4 Re1+ 33. Bf1
Bh3 {, White has the only, but winning reply:} 34. Rd1 $1) 30... exd4 31. Rxe8+
Nxe8 32. Ne4 b6 33. b3 ({Beforehand I forgot, that after} 33. Bf1 f5 34. Bb5
fxe4 35. Bxd7 {Black can play simply} Nxd6 $1 $19) 33... f5 (33... h6 {gives
no advantage:} 34. Bf1 f5 35. Nd2 Nxd6 36. Nf3 Kf7 37. Nxd4 Kf6 38. f4 $11) 34.
Ng5 Nxd6 35. Bd5+ Kf8 ({Passive strategy would be hardly good.} 35... Kh8 36.
Nf3 d3 37. Kf1 b5 38. axb5 Bxb5 39. Ke1 Ne4 40. Nd4) 36. Nxh7+ Ke7 37. Ng5 b5
$1 {An uncertain, but strong decision. Now White is forced to play a series of
only moves.} 38. axb5 Nxb5 39. Kf1 Kd6 40. Bg8 Nc3 41. Ke1 Ne4 42. Nf3 Kc5 43.
Ne5 Bb5 44. f3 Nf6 45. Be6 $1 {A brave and strong move.} Kd6 46. Bc4 Be8 ({
The position is drawish after} 46... Kxe5 47. Bxb5) 47. Nd3 ({May be more
strong was} 47. f4 $5) 47... Nd5 48. Bxd5 $5 {A hard decision, after which
White is forced to defend passively.} ({But} 48. h4 {was not better} Ne3 49.
Bg8 Bc6 50. Ke2 Bb5 51. Bf7 Ke7 $17) 48... Kxd5 49. Kd2 Kd6 50. h4 Bh5 ({
The position seems to be drawish, but there were more chances after} 50... Bf7
$5 51. Nc1 Kc5 52. Nd3+ Kb5 53. Kc2 Bd5 54. Nf4 Bxf3 55. Ne6 Be4+ 56. Kb2 Kc6
57. Nxg7 $11) 51. Ne1 Bf7 52. Nc2 Kc5 (52... Bxb3 {changes nothing:} 53. Nxd4
Be6) 53. Kd3 f4 {An interesting resource.} 54. gxf4 ({Maybe} 54. g4 $5 {
was more technical} Bxb3 55. Nxd4 Bd5 56. Kc3 a4 57. g5 Kd6 58. h5 Ke5 $11)
54... Bg6+ 55. Kd2 Bh7 (55... Bf5 56. Ne1 Kb4 57. Nc2+ Kc5 58. Ne1 $11) 56. h5
$1 Bf5 57. Ne1 Be6 58. Nd3+ Kd6 59. Kc2 $6 {White shouldn't play actively} (59.
Nc1 $11) 59... Bf7 60. Ne5 Bxh5 61. Nc4+ Kd5 62. Nxa5 Bxf3 63. Kd3 Bg2 {
It seemed to me, that the position was absolutely drawish. It is really so,
but it's hard to make the right moves in time trouble.} 64. Ke2 (64. b4 $5 Bf1+
65. Kd2 Bb5 66. Nb7 $11) 64... Ke4 65. Nc6 Bh3 66. b4 Be6 67. Kd2 Bc4 68. Na5
$2 {White was very lucky that after this move he could find a draw.} (68. f5 $5
) 68... Bb5 69. Nb7 Kxf4 70. Nd6 Bf1 71. b5 Ke5 (71... g5 72. b6 Ba6 73. b7
Bxb7 74. Nxb7 g4 75. Nc5 g3 76. Ke2 $11) 72. Nf7+ Kd5 73. b6 Ba6 74. Nd8 g5 75.
b7 Bxb7 76. Nxb7 g4 77. Na5 g3 78. Ke1 $1 $11 {The most important detail,
which at last gave me half a point in the first round. After this move I was
very happy.} (78. Ke2 $4 d3+ $1 $19) 78... d3 79. Nb3 Kc4 80. Nd2+ Kc3 81. Ne4+
Kc2 82. Kf1 g2+ 83. Kxg2 d2 84. Nxd2 Kxd2 1/2-1/2